000 01787nam0a22003731 4500
001 rc\100645
005 20021216133043.4
010 _a5-7000-0442-9
_95000
035 _a(NLR Aleph) 005363931
090 _a6927856
_c6927856
100 _a20021216d1996 u |0rusy50 ca
101 0 _arus
102 _aRU
105 _aa |||||||||
200 1 _aЖребий № 241
_e[Сб.]
_fМихаил Кураев
210 _aМ.
_cКн. палата
_d1996
215 _a432 с.
_cил.
_d21
225 1 _aСерия "Популярная библиотека"
300 _aС автогр. авт.
327 1 _aСодерж.: Как я старался не стать писателем (Вместо предисловия); Жребий № 241: Романт. хроника; Повести; Дружбы нежное волненье; Петя по дороге в Царство небесное; Блок-ада: Празднич. повесть; Встречайте Ленина!: Повесть; Слеза оккупанта: Рассказ приговор. к смерти
464 0 _12001#$aКак я старался не стать писателем (Вместо предисловия)
464 0 _12001#$aЖребий № 241
464 0 _12001#$aПовести
464 0 _12001#$aДружбы нежное волненье
464 0 _12001#$aПетя по дороге в Царство небесное
464 0 _12001#$aБлок-ада
464 0 _12001#$aВстречайте Ленина!
464 0 _12001#$aСлеза оккупанта
700 1 _aКураев
_bМ. Н.
_f1939-
_gМихаил Николаевич
801 0 _aRU
_bNLR
_gpsbo
801 1 _aRU
_bELAR
_2rusmarc
852 _aNLR
_j96-3/12926
942 _cBOOK
980 _aNB